000 00952nam a22002295i 4500
001 168030
003 ES-MaACL
005 20230906213646.0
008 990218s1886 fr a |||| | fre d
040 _aCAM
_bspa
_cCAM
100 0 _aWundt, Wilhelm.
_9117452
245 1 0 _aEléments de psychologie physiologique /
_cpar W. Wundt; traduits de l'allemand sur la deuxiéme édition avec l'autorisation de l'auteur par Elie Rouvier; précédés d'une nouvelle préface de l'auteur et d'une introduction par D. Nolen.
260 _aParis :
_bFélix Alcan éditeur,
_c1886 (
_eAbbeville :
_fTyp. et stér. A. Retaux,
_g1885)
300 _a2 v. :
_bil ;
_c22 cm.
597 1 _aT.I (XXXII, 571 p.) - T.II (532 p.)
650 4 _aFisiología.
_9136120
650 1 4 _aNeuropsiquiatría.
_9136594
700 1 _aRouvier, Elie.
_9132118
700 1 _aNolen, Desiré.
_9153147
852 _aES-MaACL
_jB-7215-16
_z-- Enc. pasta española
999 _c168030
_d168030